Kế toán chi phí

Sách trình bày các phương pháp xác định chi phí trong các đơn vị sản xuất kinh doanh, tuân thủ các chuẩn mực kế toán Việt Nam.

Uloženo v:
Podrobná bibliografie
Hlavní autor: Nguyễn, Khắc Hùng
Médium: Kniha
Jazyk:Undetermined
Vydáno: Thành phố Hồ Chí Minh Lao động 2011
Témata:
Tagy: Přidat tag
Žádné tagy, Buďte první, kdo otaguje tento záznam!
Thư viện lưu trữ: Trung tâm Học liệu Trường Đại học Cần Thơ
LEADER 00804nam a2200205Ia 4500
001 CTU_179895
008 210402s9999 xx 000 0 und d
020 |c 69000 
082 |a 657.42 
082 |b H513 
100 |a Nguyễn, Khắc Hùng 
245 0 |a Kế toán chi phí 
245 0 |c Nguyễn Khắc Hùng 
260 |a Thành phố Hồ Chí Minh 
260 |b Lao động 
260 |c 2011 
520 |a Sách trình bày các phương pháp xác định chi phí trong các đơn vị sản xuất kinh doanh, tuân thủ các chuẩn mực kế toán Việt Nam. 
650 |a Cost accounting,Managerial economics,Phí tổn kinh doanh,Quản lý kinh tế 
904 |i Trinh 
980 |a Trung tâm Học liệu Trường Đại học Cần Thơ